00523nam a2200145Ia 4500008004100000082001500041100002400056245007800080260004700158630001800205650002500223942000900248952010500257999001500362211109s9999||||xx |||||||||||||| ||und|| a512bBRO-A aBromvich, T J I`A,  3aAn Introduction To The Theory Of Infinite Series 2nd Edn Revised By T M L bMacmillan and Co., LimitedaKingstonc1926 xGeneral Stack aALGEBRAxMathematics cBOOK 00104070aSBCLbSBCLc2d2021-11-09l0o512 BRO-Ap00004794r2021-11-09 00:00:00w2021-11-09yBOOK c4345d4345